Á lódáil...

Principles of risk management and insurance

Sonraí Bibleagrafaíochta
Príomhúdar: Rejda, George
Formáid: Printed Book
Foilsithe: Pearson Education 2011
Eagrán:10 edition
Ábhair:
LEADER 00606nam a2200193 4500
020 |a 817808600X  |c 630 
082 |a 363.7 REJ 
100 |a Rejda, George 
245 |a Principles of risk management and insurance  |c Rejda, George 
250 |a 10 edition 
260 |a Pearson Education  |c 2011 
300 |a 748 p 
490
500
590 |a Modern Book Centre  |b MBC-1671/12 dtd 21/01/2013 
650 |a Risk management--Disaster management 
942 |c BK 
999 |c 144701  |d 144701 
952 |0 0  |1 0  |4 0  |6 363_700000000000000_REJ  |7 0  |9 158161  |a IMK  |b IMK  |g 630.00  |l 0  |o 363.7 REJ  |p IMK11062  |r 2019-10-25  |w 2019-10-25  |y BK